Las cortinas rojas /

La familia de Ema no tiene otro remedio que dejar su departamento y mudarse. La nueva casa es más chica y está en un barrio que no le gusta, por lo que Ema pone unas lindas cortinas para no tener que ver el vecindario. Pero siempre que prepara la comida, los niños se juntan a su puerta y Anita quier...

Descripción completa

Guardado en:
Autor Principal: Mainé, Margarita.
Otros Autores: Califano, Mariela; il.
Formato: Libro
Idioma:Spanish
Publicado: Buenos Aires : Norma, 2017.
Edición:1a ed. 3a reimp.
Series:Torre de papel. Naranja
Materias:
Etiquetas: Agregar Etiqueta
Sin Etiquetas, Sea el primero en etiquetar este registro!
LEADER 01182nam a22002535a 4500
001 CEM.cems020763
008 231214s2017####ag############000#0#spa#d
005 20231214154215.0
245 1 0 |a Las cortinas rojas /  |c Margarita Mainé ; ilustrado por Mariela Califano. 
250 |a 1a ed. 3a reimp. 
260 |a Buenos Aires :  |b Norma,  |c 2017. 
300 |a 32 p. 
490 1 |a Torre de papel. Naranja 
500 |a Para primeros lectores. 
520 |a La familia de Ema no tiene otro remedio que dejar su departamento y mudarse. La nueva casa es más chica y está en un barrio que no le gusta, por lo que Ema pone unas lindas cortinas para no tener que ver el vecindario. Pero siempre que prepara la comida, los niños se juntan a su puerta y Anita quiere salir a jugar. ¡Qué decisión difícil! ¿Se puede vivir sin mirar hacia afuera? 
020 |a 9789875456341 
100 1 |a Mainé, Margarita. 
700 1 |a Califano, Mariela; il. 
653 |a Cuento argentino 
653 |a Cuento infantil 
653 |a Literatura infantil 
653 |a Literatura infantil y juvenil 
653 |a Literatura argentina 
859 |a CEMS  |b BIB. CEMS - Inicial y Primaria  |h A868.4  |i M284-1  |k IP  |p 6732  |t Ej.1